000 00551nam a2200181 a 4500
005 20250723082353.0
008 250723t2024 my ||||| |||| 00| 0 may d
020 0 0 _a9786299832928
040 _aAKMAL
082 0 4 _a354.09595 NEW
090 0 0 _a354.09595
_bNEW
245 1 0 _aNew Perspectives & Trajectory /
_cJKDM
264 0 0 _aPutrajaya:
_bJabatan Kastam Diraja Malaysia,
_c2024.
300 _a198 p. :
_bill. col ;
_c29 cm.
650 0 0 _aCustoms administration
_zMalaysia
_9491
650 1 0 _aMalaysia Royal Customs
_xDepartment
_99601
942 _2ddc
_cBOOK
999 _c5033
_d5033